Florae una revista de FLORA ars+natura/ (Record no. 4123)

MARC details
000 -LEADER
campo de control de longitud fija 01810nam a22004697a 4500
003 - IDENTIFICADOR DE NÚMERO DE CONTROL
campo de control OSt
005 - FECHA Y HORA DE LA ÚLTIMA TRANSACCIÓN
campo de control 20230816092831.0
008 - DATOS DE LONGITUD FIJA--INFORMACIÓN GENERAL
campo de control de longitud fija 220929b |||||||| |||| 00| 0 eng d
040 ## - FUENTE DE CATALOGACIÓN
Centro/agencia transcriptor Biblioteca Lado V
082 ## - NÚMERO DE LA CLASIFICACIÓN DECIMAL DEWEY
Número de clasificación 704.943
Número de ítem R669f
100 ## - ENTRADA PRINCIPAL--NOMBRE DE PERSONA
9 (RLIN) 223
Nombre de persona Roca, Jose
Término indicativo de función/relación editor
245 ## - MENCIÓN DEL TÍTULO
Título Florae una revista de FLORA ars+natura/
Resto del título #1-FLORESTANIA/
260 ## - PUBLICACIÓN, DISTRIBUCIÓN, ETC.
Nombre del editor, distribuidor, etc. FLORA ars+natura
Fecha de publicación, distribución, etc. 2015
Lugar de publicación, distribución, etc. Colombia
300 ## - DESCRIPCIÓN FÍSICA
Extensión 120p.
Dimensiones 17x22cm
490 ## - MENCIÓN DE SERIE
Designación de volumen o secuencia 2015
Mención de serie 1
Número Internacional Normalizado para Publicaciones Seriadas 2462-9324
505 ## - NOTA DE CONTENIDO CON FORMATO
Nota de contenido con formato Florestania
Mención de responsabilidad Leonardo Boff
505 ## - NOTA DE CONTENIDO CON FORMATO
Nota de contenido con formato Florestania
Título Marjetica Potrc
505 ## - NOTA DE CONTENIDO CON FORMATO
Nota de contenido con formato Todo Acre cabe en un solo árbol
Mención de responsabilidad Jose Roca
505 ## - NOTA DE CONTENIDO CON FORMATO
Nota de contenido con formato Paola Santoscoy
Mención de responsabilidad Melanie Smith, Xilitla
505 ## - NOTA DE CONTENIDO CON FORMATO
Nota de contenido con formato The real. Retrato de Norman Mejia
Título Maria Isabel Rueda
505 ## - NOTA DE CONTENIDO CON FORMATO
Nota de contenido con formato Afuera del Bosque
Mención de responsabilidad Camila Corredor
505 ## - NOTA DE CONTENIDO CON FORMATO
Nota de contenido con formato Walden, o la vida en los bosques
Mención de responsabilidad Kevin Mancera
505 ## - NOTA DE CONTENIDO CON FORMATO
Nota de contenido con formato La cabaña del alquimista
Mención de responsabilidad Matias Quintero
505 ## - NOTA DE CONTENIDO CON FORMATO
Nota de contenido con formato Entrevista a Beatriz Eugenia Díaz
505 ## - NOTA DE CONTENIDO CON FORMATO
Nota de contenido con formato El idioma analítico de John Wilkins
Mención de responsabilidad Jorge Luis Borges
505 ## - NOTA DE CONTENIDO CON FORMATO
Nota de contenido con formato Estación de Campo Honda
505 ## - NOTA DE CONTENIDO CON FORMATO
Nota de contenido con formato Caminar la palabra
505 ## - NOTA DE CONTENIDO CON FORMATO
Nota de contenido con formato Amazonia
505 ## - NOTA DE CONTENIDO CON FORMATO
Nota de contenido con formato Color Amazonia
505 ## - NOTA DE CONTENIDO CON FORMATO
Nota de contenido con formato Viaje a pie
505 ## - NOTA DE CONTENIDO CON FORMATO
Nota de contenido con formato Mañana, Montaña y Ciudad Lucia Koch
505 ## - NOTA DE CONTENIDO CON FORMATO
Nota de contenido con formato Honda: La ciudad que siempre renace
505 ## - NOTA DE CONTENIDO CON FORMATO
Nota de contenido con formato El pulso del río Entrevista a Tania Candiani
650 ## - PUNTO DE ACCESO ADICIONAL DE MATERIA--TÉRMINO DE MATERIA
Fuente del encabezamiento o término Tesauro de Arte & Arquitectura
Término de materia o nombre geográfico como elemento de entrada ARTE
650 ## - PUNTO DE ACCESO ADICIONAL DE MATERIA--TÉRMINO DE MATERIA
Fuente del encabezamiento o término Tesauro de Arte & Arquitectura
Término de materia o nombre geográfico como elemento de entrada NATURALEZA
650 ## - PUNTO DE ACCESO ADICIONAL DE MATERIA--TÉRMINO DE MATERIA
Fuente del encabezamiento o término Tesauro de Arte & Arquitectura
Término de materia o nombre geográfico como elemento de entrada ANALISIS
650 ## - PUNTO DE ACCESO ADICIONAL DE MATERIA--TÉRMINO DE MATERIA
Fuente del encabezamiento o término Tesauro de Arte & Arquitectura
Término de materia o nombre geográfico como elemento de entrada CRITICA
650 ## - PUNTO DE ACCESO ADICIONAL DE MATERIA--TÉRMINO DE MATERIA
Fuente del encabezamiento o término Tesauro de Arte & Arquitectura
Término de materia o nombre geográfico como elemento de entrada LITERATURA
650 ## - PUNTO DE ACCESO ADICIONAL DE MATERIA--TÉRMINO DE MATERIA
Fuente del encabezamiento o término Tesauro de Arte & Arquitectura
Término de materia o nombre geográfico como elemento de entrada ECOLOGIA
651 ## - PUNTO DE ACCESO ADICIONAL DE MATERIA--NOMBRE GEOGRÁFICO
Fuente del encabezamiento o término Tesauro de Arte & Arquitectura
Nombre geográfico COLOMBIA
942 ## - ELEMENTOS DE ENTRADA SECUNDARIOS (KOHA)
Fuente del sistema de clasificación o colocación Clasificación Decimal Dewey
Tipo de ítem Koha Libros
Parte de la signatura que corresponde a la clasificación (Parte de la clasificación) 704.943
Parte de la signatura que identifica el ejemplar (Parte del ítem) R669f
Suprimir en OPAC No
Holdings
Estatus retirado Estado de pérdida Fuente del sistema de clasificación o colocación Especificación de materiales (volumen encuadernado u otra parte) Estado de daño No para préstamo Colección Biblioteca de origen Biblioteca actual Fecha de adquisición Enumeración/cronología de publicación seriada Número de inventario Total de préstamos Signatura topográfica completa Código de barras Visto por última vez Precio de reemplazo Tipo de ítem Koha
    Clasificación Decimal Dewey 2015     Revistas Biblioteca LadoV Biblioteca LadoV 16/08/2023 1 003218   704.943 R669f 003218 16/08/2023 16/08/2023 Libros